[Event "AUTO-BEG-134"]
[Site "http://www.queenalice.com/game.php?id=265144"]
[Date "2007.9.1"]
[Round "1"]
[White "Ercan"]
[Black "GoA"]
[Result "1-0"]
[WhiteElo "1374"]
[BlackElo "1208"]

1. c4 e5 2. d4 Nc6 3. d5 Na5 4. e4 Qf6 5. Qd2 Bc5 6. Nf3 Nxc4 7. Qc3 b5 8. Bxc4
Qg6 9. Qxe5+ Ne7 10. Bf1 Ba6 11. Ng5 O-O 12. Be2 f6 13. Qxc7 Bb4+ 14. Bd2 Rac8
15. Qxa7 Ra8 16. Qxd7 Qe8 17. Qe6+ Kh8 18. Bxb4 h6 19. Qh3 fxg5 20. Nd2 Qf7 21.
O-O Bc8 22. Bg4 Ng6 23. Bxf8 Nf4 24. Bxg7+ Kxg7 25. Qc3+ Qf6 26. Qc7+ Kf8 27. e5
Qf7 28. Qc5+ Kg7 29. Bxc8 Ne2+ 30. Kh1 Nf4 31. e6 Qh5 32. Qd4+ Kf8 33. Qc5+ Kg8
34. h3 1-0

[Event "AUTO-BEG-134"]
[Site "http://www.queenalice.com/game.php?id=265145"]
[Date "2007.9.1"]
[Round "1"]
[White "GoA"]
[Black "Ercan"]
[Result "0-1"]
[WhiteElo "1204"]
[BlackElo "1348"]

1. e4 e5 2. Bc4 Nf6 3. Qf3 b6 4. g4 Nc6 5. g5 Nd4 6. Qd3 Ng4 7. f4 d6 8. fxe5
dxe5 9. c3 Nc6 10. Qd5 Be6 11. Qxc6+ Bd7 12. Qd5 Be6 13. Qd3 Bc5 14. Qf1 Bxc4
15. Qxc4 Qxg5 16. Nh3 Qh4+ 17. Nf2 Qxf2+ 18. Kd1 Qf3+ 19. Qe2 Qxh1+ 20. Qe1
Qxe1+ 21. Kxe1 Nxh2 22. d4 exd4 23. Bg5 Nf3+ 24. Ke2 Nxg5 25. b4 Bd6 26. cxd4
Nxe4 27. Na3 Bxb4 0-1

[Event "AUTO-BEG-134"]
[Site "http://www.queenalice.com/game.php?id=265146"]
[Date "2007.9.1"]
[Round "1"]
[White "Ercan"]
[Black "QSL"]
[Result "1-0"]
[WhiteElo "1282"]
[BlackElo "984"]

1. e3 b6 2. d4 Ba6 3. Bxa6 Nxa6 4. Nf3 h5 5. e4 c5 6. d5 h4 7. h3 g6 8. Qd3 Nb4
9. Qd1 e6 10. a3 Na6 11. Nc3 exd5 12. Nxd5 Bd6 13. O-O g5 14. Bxg5 1-0

[Event "AUTO-BEG-134"]
[Site "http://www.queenalice.com/game.php?id=265147"]
[Date "2007.9.1"]
[Round "1"]
[White "QSL"]
[Black "Ercan"]
[Result "0-1"]
[WhiteElo "1011"]
[BlackElo "1256"]

1. e3 e5 2. b3 Nf6 3. Ba3 d6 4. d4 exd4 5. exd4 Bg4 6. f3 Bf5 7. Bb5+ c6 8. Ba4
d5 9. Bxf8 Rxf8 10. c4 Nbd7 11. cxd5 Nxd5 12. Qe2+ Be6 13. Nd2 Nc3 0-1

[Event "Let's Play Chess!"]
[Site "http://www.queenalice.com/game.php?id=317760"]
[Date "2007.12.10"]
[Round "-"]
[White "inguitar"]
[Black "Ercan"]
[Result "1-0"]
[WhiteElo "1594"]
[BlackElo "1395"]

1. e4 e5 2. Nf3 Nf6 3. Bc4 Bc5 4. O-O d6 5. d4 exd4 6. Nxd4 O-O 7. Bg5 Re8 8.
Nc3 h6 9. Bh4 Bxd4 10. Qxd4 Nc6 11. Qe3 Qe7 12. Bxf6 Qxf6 13. Nd5 Qxb2 14. Nxc7
Be6 15. Bxe6 fxe6 16. Nxe8 Rxe8 17. Qb3 Qxb3 18. axb3 Nd4 19. Rxa7 b5 20. Rc7
Ne2+ 21. Kh1 e5 22. Rd7 Re6 23. Rd1 Nd4 24. c3 Nxb3 25. R7xd6 Kf7 26. Rxe6 Kxe6
27. Rb1 1-0

[Event "AUTO-BEG-134"]
[Site "http://www.queenalice.com/game.php?id=336081"]
[Date "2008.1.14"]
[Round "2"]
[White "Stewie583"]
[Black "Ercan"]
[Result "1-0"]
[WhiteElo "1430"]
[BlackElo "1421"]

1. e4 e5 2. Nf3 Nc6 3. d4 Nf6 4. dxe5 Nxe4 5. Bd3 d5 6. O-O Bg4 7. Bf4 Be7 8.
Re1 Bxf3 9. Qxf3 O-O 10. Bxe4 dxe4 11. Qxe4 f5 12. exf6 Rxf6 13. Nc3 Qf8 14. Nd5
Rf7 15. Nxe7+ Rxe7 16. Qc4+ Kh8 17. Rxe7 Qxe7 18. Kf1 Rd8 19. Qe2 h6 20. Qxe7
Nxe7 21. Bxc7 Rc8 22. Bd6 Nf5 23. Be5 Rxc2 24. Bc3 b5 25. Rb1 Kh7 26. Rd1 b4 27.
Be5 a5 28. Ke1 Rc5 29. Bb8 Rc2 30. Be5 Rc8 31. Rd5 a4 32. Rb5 Re8 33. Kf1 Re6
34. f4 g5 35. Rxb4 1-0

[Event "AUTO-BEG-134"]
[Site "http://www.queenalice.com/game.php?id=336082"]
[Date "2008.1.14"]
[Round "2"]
[White "Ercan"]
[Black "Stewie583"]
[Result "0-1"]
[WhiteElo "1426"]
[BlackElo "1507"]

1. d4 Nf6 2. d5 d6 3. Nc3 Nbd7 4. e4 Ne5 5. Nf3 Nxf3+ 6. Qxf3 Bg4 7. Qd3 e6 8.
Qb5+ Nd7 9. Qxb7 Be7 10. Be2 Bxe2 11. Nxe2 e5 12. Nc3 O-O 13. O-O Nc5 14. Qb5
Bg5 15. b4 Rb8 16. Qc4 Bxc1 17. bxc5 Ba3 18. Qa6 Bxc5 19. Na4 Bb6 20. Rab1 Qh4
21. c4 Qxe4 22. Rfe1 Bxf2+ 23. Kxf2 Qc2+ 24. Kf1 Rxb1 25. Rxb1 Qxb1+ 26. Kf2
Qxa2+ 27. Kg3 Qb3+ 28. Kf2 Qc2+ 29. Kg3 Qd3+ 30. Kf2 Qd2+ 31. Kg3 Qf4+ 32. Kh3
g5 33. g3 Qf1+ 34. Kg4 h6 35. Nb2 f5+ 36. Kh5 Qh3+ 37. Kg6 f4 38. gxf4 Qf5+ 39.
Kh5 g4+ 40. Kxh6 Rf6# 0-1

[Event "AUTO-BEG-134"]
[Site "http://www.queenalice.com/game.php?id=336083"]
[Date "2008.1.14"]
[Round "2"]
[White "lejunges"]
[Black "Ercan"]
[Result "0-1"]
[WhiteElo "1487"]
[BlackElo "1393"]

1. Nf3 d6 2. d4 d5 3. e3 Nf6 4. Bd3 Nc6 5. O-O Bg4 6. h3 Bh5 7. g4 Bg6 8. Nc3 e6
9. Ne5 Nxe5 10. dxe5 Bxd3 11. cxd3 Nd7 12. e4 dxe4 13. dxe4 Nxe5 14. f4 Bc5+ 15.
Kg2 Nc4 16. Qxd8+ Rxd8 17. f5 exf5 18. exf5 Be7 19. Re1 Rd6 20. Nb5 Rc6 21. Nxa7
Rc5 22. b3 Ne5 23. Ba3 Rc2+ 24. Kf1 f6 25. Bxe7 Kxe7 26. Nc8+ Rxc8 27. a4 b6 28.
Rad1 Rb2 29. g5 Rxb3 30. h4 Rh3 31. gxf6+ gxf6 32. Kg2 Rxh4 33. Rd5 Rg4+ 34. Kh3
Rcg8 35. Re3 h5 36. Rexe5+ fxe5 37. Rxe5+ Kf6 38. a5 Kxe5 39. a6 Kxf5 40. a7 Ra8
41. Kh2 Rxa7 42. Kh3 Ra3+ 43. Kh2 Rb4 44. Kg2 Rb2+ 45. Kf1 Ra1# 0-1

[Event "AUTO-BEG-134"]
[Site "http://www.queenalice.com/game.php?id=336084"]
[Date "2008.1.14"]
[Round "2"]
[White "Ercan"]
[Black "lejunges"]
[Result "1-0"]
[WhiteElo "1378"]
[BlackElo "1529"]

1. e4 e5 2. Nf3 d6 3. d4 exd4 4. Nxd4 c5 5. Nf3 Be7 6. Bc4 Nc6 7. Qd5 Nf6 8.
Qxf7+ Kd7 9. Qxg7 Rg8 10. Bxg8 Nxg8 11. Qxh7 Qa5+ 12. Bd2 Qb5 13. Qxg8 Qxb2 14.
O-O Qxc2 15. Qg4+ Kc7 16. Qf4 Nd4 17. Nxd4 Qd3 18. Nc3 cxd4 19. Nd5+ Kb8 20.
Nxe7 Bd7 21. Qxd6# 1-0

[Event "Let's Play Chess!"]
[Site "http://www.queenalice.com/game.php?id=389466"]
[Date "2008.4.18"]
[Round "-"]
[White "Ercan"]
[Black "Strogonoff"]
[Result "1/2-1/2"]
[WhiteElo "1406"]
[BlackElo "1825"]

1. e4 e5 2. Nf3 Nf6 3. Nxe5 d6 4. Nc4 Nxe4 5. Qf3 Qe7 6. Be2 Ng5 7. Qd3 g6 8.
O-O Bg7 9. Re1 O-O 10. Nc3 Nc6 11. Nd5 Qd7 12. c3 Ne7 13. Qc2 c6 14. Nxe7+ Qxe7
15. d4 Bf5 16. Qd1 d5 17. Bg4 Ne4 18. Bxf5 gxf5 19. Qf3 Qf6 20. Ne3 f4 21. Ng4
Qf5 22. Bxf4 Rfe8 23. Re3 Nf6 24. Nh6+ Bxh6 25. Bxh6 Qxf3 26. Rxf3 Re6 27. Rg3+
Kh8 28. Bg7+ Kg8 29. Bxf6+ Kf8 30. Be5 Rae8 31. Re1 f6 32. Rf3 Kf7 33. Kf1 Kg6
34. Rg3+ Kf7 35. Rf3 Kg6 36. Rg3+ Kf7 37. Rf3 1/2-1/2

[Event "Partida Mayo #22"]
[Site "http://www.queenalice.com/game.php?id=400725"]
[Date "2008.5.10"]
[Round "-"]
[White "SRIVERO"]
[Black "Ercan"]
[Result "1-0"]
[WhiteElo "1717"]
[BlackElo "1406"]

1. d4 d5 2. c4 e6 3. Nc3 Bb4 4. Nf3 Bxc3+ 5. bxc3 Nc6 6. e3 Nf6 7. Qc2 O-O 8.
Ba3 Re8 9. Bd3 e5 10. dxe5 Nxe5 11. O-O-O Nxf3 12. gxf3 c6 13. Rhg1 Qc7 14. Rg3
Be6 15. Rdg1 Nh5 16. Rg5 Qxh2 17. Bxh7+ Kh8 18. R5g2 Qe5 19. f4 Qf6 20. Rh1 Qh6
21. Rg5 g6 22. Bxg6 fxg6 23. Rxg6 Qh7 24. Bd6 Rad8 25. Be5+ 1-0

[Event "Let's Play Chess!"]
[Site "http://www.queenalice.com/game.php?id=403184"]
[Date "2008.5.15"]
[Round "-"]
[White "trallala"]
[Black "Ercan"]
[Result "1-0"]
[WhiteElo "1877"]
[BlackElo "1401"]

1. e4 e5 2. Nc3 Nf6 3. f4 exf4 4. e5 Ng8 5. Nf3 d6 6. Bc4 Qe7 7. O-O dxe5 8.
Nxe5 Be6 9. d4 Nd7 10. Bxe6 Nxe5 11. Bb3 Ng6 12. Re1 Ne5 13. Rxe5 Qxe5 14. dxe5
Bc5+ 15. Kf1 Rd8 16. Qg4 g6 17. Bxf4 Ne7 18. Ne4 f5 19. Nf6+ Kf8 20. Bh6# 1-0

[Event "Let's Play Chess!"]
[Site "http://www.queenalice.com/game.php?id=460221"]
[Date "2008.9.8"]
[Round "-"]
[White "Ercan"]
[Black "lucianovdemelo"]
[Result "1-0"]
[WhiteElo "1401"]
[BlackElo "1460"]

1. Nf3 d5 2. d4 Nc6 3. Nc3 Nf6 4. e3 Bg4 5. Be2 e6 6. h3 Bh5 7. O-O Bb4 8. Bd2
O-O 9. a3 Ba5 10. b4 Bb6 11. b5 Na5 12. a4 Ne4 13. Nxe4 dxe4 14. Nh2 Bxe2 15.
Qxe2 f5 16. f3 1-0

[Event "Let's Play Chess!"]
[Site "http://www.queenalice.com/game.php?id=496627"]
[Date "2008.11.22"]
[Round "-"]
[White "Ercan"]
[Black "amandolin"]
[Result "1-0"]
[WhiteElo "1424"]
[BlackElo "1406"]

1. e4 c5 2. d4 cxd4 3. Qxd4 Nc6 4. Qe3 e5 5. Nc3 Nf6 6. Bc4 Qe7 7. Nf3 h6 8. O-O
g6 9. b3 Nb4 10. Qe2 d6 11. a3 1-0

[Event "Friendly game"]
[Site "http://www.queenalice.com/game.php?id=589952"]
[Date "2009.5.18"]
[Round "-"]
[White "BillQ"]
[Black "Ercan"]
[Result "0-1"]
[WhiteElo "1371"]
[BlackElo "1429"]

1. f4 d5 2. Nf3 Nf6 3. e3 Bf5 4. Nd4 e6 5. Nxf5 exf5 6. Bd3 Ne4 7. O-O Bc5 8. b3
d4 9. c4 dxc3 10. Nxc3 Qxd3 11. Bb2 Nxd2 12. Rf2 Bxe3 13. Qe2 Qxe2 14. Nxe2
Bxf2+ 15. Kxf2 f6 16. Bc3 Ne4+ 17. Kg1 Nc6 18. Rd1 Rg8 19. Bb2 g5 20. Ng3 Kf7
21. Rd7+ Kg6 22. Ne2 Rac8 23. Bc1 Rgd8 24. Rd3 Rxd3 0-1

[Event "AUTO-INT-1317"]
[Site "http://www.queenalice.com/game.php?id=592183"]
[Date "2009.5.22"]
[Round "1"]
[White "gdan"]
[Black "Ercan"]
[Result "1-0"]
[WhiteElo "1589"]
[BlackElo "1444"]

1. e4 e5 2. f4 d5 3. exd5 Qxd5 4. Nc3 Qe6 5. Nf3 exf4+ 6. Be2 Bc5 7. d4 Bb4 8.
O-O Nf6 9. Bxf4 c6 10. Ng5 Qd7 11. Be5 Be7 12. Qd3 Na6 13. a3 b5 14. Rae1 O-O
15. Bxf6 g6 16. Bxe7 Qxe7 17. Nge4 Bf5 18. Qf3 Nc7 19. Bd3 Rad8 20. Ng3 Qf6 21.
Bxf5 Qxd4+ 22. Kh1 gxf5 23. Nxf5 Qf6 24. Ne7+ Qxe7 25. Rxe7 Ne6 26. Qg4+ Ng7 27.
Ne4 Kh8 28. Rexf7 Rxf7 29. Rxf7 h5 30. Qxg7# 1-0

[Event "AUTO-INT-1317"]
[Site "http://www.queenalice.com/game.php?id=592184"]
[Date "2009.5.22"]
[Round "1"]
[White "Ercan"]
[Black "gdan"]
[Result "0-1"]
[WhiteElo "1442"]
[BlackElo "1567"]

1. e4 d5 2. exd5 Nf6 3. Nc3 Nxd5 4. Qf3 Nxc3 5. Qxc3 Nd7 6. Bc4 Nf6 7. Nf3 c6 8.
d3 e6 9. O-O Be7 10. Re1 O-O 11. b3 a5 12. Bb2 Bb4 13. Qe5 Bxe1 14. Rxe1 b5 15.
Bxb5 cxb5 16. Qxb5 Qd5 17. Qa4 Bd7 18. Qf4 Qf5 19. Qg3 Qg4 20. Bxf6 Qxg3 21.
fxg3 gxf6 22. Rf1 Kg7 23. h3 Rac8 24. c4 Bc6 25. Nd4 Rfd8 26. Rf4 Kf8 27. Rxf6
Rxd4 0-1

[Event "AUTO-INT-1317"]
[Site "http://www.queenalice.com/game.php?id=592199"]
[Date "2009.5.22"]
[Round "1"]
[White "ciceroeduardo"]
[Black "Ercan"]
[Result "0-1"]
[WhiteElo "1590"]
[BlackElo "1434"]

1. e4 c5 2. Bc4 Nc6 3. Nf3 d6 4. O-O Nf6 5. Nc3 e6 6. Bb5 Bd7 7. Re1 Be7 8. d3
O-O 9. e5 dxe5 10. Nxe5 Nxe5 11. Rxe5 Qc7 12. Qe2 Bd6 13. Bf4 Bxe5 14. Bxe5 Qd8
15. Bd6 Re8 16. Bxc5 b6 17. Be3 a6 18. Ba4 Bxa4 19. Nxa4 b5 20. Nc5 Qc8 21. Rd1
Qc6 22. d4 Rad8 23. c3 a5 24. b4 axb4 25. cxb4 Rd5 26. Qf3 Red8 27. h3 Ra8 28.
Rd2 Rc8 29. Rc2 Rdd8 30. Qg3 Qd5 31. a3 Re8 32. Bh6 Nh5 33. Qh4 gxh6 34. Rc3 Kh8
35. Rg3 Nxg3 36. Qxg3 Rg8 37. Qh2 Qxd4 38. g3 Qb2 39. Qg2 Qxa3 40. Qe4 Rcd8 41.
Qe5+ Rg7 42. Ne4 Qxb4 43. Nf6 Qd4 44. Qf4 Qxf4 45. Nh5 Rd1+ 46. Kg2 Qe4+ 47. f3
Qe2# 0-1

[Event "AUTO-INT-1317"]
[Site "http://www.queenalice.com/game.php?id=592200"]
[Date "2009.5.22"]
[Round "1"]
[White "Ercan"]
[Black "ciceroeduardo"]
[Result "0-1"]
[WhiteElo "1456"]
[BlackElo "1632"]

1. Nf3 d5 2. d4 Nf6 3. e3 Bf5 4. c4 c6 5. cxd5 cxd5 6. Nc3 e6 7. Bb5+ Nc6 8. O-O
Bd6 9. Re1 O-O 10. Bd3 Bxd3 11. Qxd3 Nb4 12. Qb5 Qc7 13. Re2 a6 14. Qa4 Nd7 15.
a3 b5 16. Qd1 Nc6 17. e4 Nb6 18. e5 Be7 19. Qd3 b4 20. axb4 Nxb4 21. Qe3 Nc4 22.
Qf4 Nd3 23. Qg3 h6 24. Bxh6 g6 25. Bxf8 Bxf8 26. Ng5 Be7 27. Nxe6 Qb6 28. Nxd5
Qxe6 29. Nxe7+ Qxe7 30. Qxd3 Qe6 31. Qf3 Ra7 32. b3 Nb6 33. Qc3 Kg7 34. b4 Nd5
35. Qb3 Rc7 36. Rc2 Rxc2 37. Qxc2 Nxb4 38. Qc5 Nd3 39. Qc3 Qf5 40. Ra2 Nxe5 41.
Qc2 Nd3 42. Rxa6 Qb5 43. Ra1 Qf5 44. f3 Kh6 45. Kf1 Qb5 46. Rb1 Qf5 47. Qd2+ Nf4
48. Re1 g5 49. Re5 Qb1+ 50. Re1 Qb5+ 51. Kg1 f6 52. g3 Nh5 53. Re6 Qb1+ 54. Kg2
Qb3 55. g4 Nf4+ 56. Kg3 Qxe6 57. h4 Qd6 58. hxg5+ fxg5 59. Kh2 Ne6+ 0-1

[Event "AUTO-INT-1317"]
[Site "http://www.queenalice.com/game.php?id=592211"]
[Date "2009.5.22"]
[Round "1"]
[White "Ercan"]
[Black "Ieie"]
[Result "1/2-1/2"]
[WhiteElo "1422"]
[BlackElo "1338"]

1. e4 e5 2. Nf3 Nc6 3. d4 exd4 4. Nxd4 Ne5 5. Nc3 Bb4 6. Bf4 Qf6 7. Bg3 d6 8.
Qd2 Ne7 9. a3 Bc5 10. Ndb5 Bb6 11. Na4 O-O 12. Nxb6 cxb6 13. Qxd6 Qxd6 14. Nxd6
N7c6 15. f4 Ng4 16. O-O-O Ne3 17. Re1 Nxf1 18. Rhxf1 f6 19. Bh4 Rb8 20. h3 Bd7
21. b4 Nd4 22. Rf2 Rfd8 23. Rd2 Nb5 24. e5 Nxd6 25. exd6 b5 26. Bf2 b6 27. Re7
Rbc8 28. f5 Bxf5 29. d7 Ra8 30. Rd5 Bg6 31. Bg3 Bf7 32. Rd6 Kf8 33. Re3 Rab8 34.
c3 Rb7 35. Red3 Bg6 36. Rd2 Bf5 37. R6d5 Rbxd7 38. Rxd7 Rxd7 39. Rxd7 Bxd7 40.
Bb8 a6 41. Bc7 Bc6 42. g3 Ke7 43. Bxb6 Kd6 44. Kd2 Ke5 45. Ke3 g5 46. Bc7+
1/2-1/2

[Event "AUTO-INT-1317"]
[Site "http://www.queenalice.com/game.php?id=592212"]
[Date "2009.5.22"]
[Round "1"]
[White "Ieie"]
[Black "Ercan"]
[Result "1-0"]
[WhiteElo "1268"]
[BlackElo "1447"]

1. d4 Nf6 2. c4 d5 3. Nc3 e6 4. Bg5 Be7 5. e3 h6 6. Bh4 c5 7. dxc5 Bxc5 8. a3
O-O 9. cxd5 exd5 10. Nxd5 Qxd5 11. Bxf6 Qxd1+ 12. Rxd1 gxf6 13. Bd3 Be6 14. h3
Re8 15. Ne2 Nc6 16. O-O Ne5 17. Bc2 Kh8 18. Nf4 Rg8 19. b4 Bb6 20. Kh1 Rac8 21.
Be4 Rc3 22. Nxe6 fxe6 23. f4 Nc4 24. Rd7 Nxe3 25. Rh7# 1-0